00660 2200253 4500001002100000005001500021035002000036007000300056008004100059020002200100082000800122084001400130100001700144245007900161250000600240260003100246300004000277650001100317856001400328990001600342990001600358990001600374990001600390INLIS00000000000215220260106080735 a0010-0126000010ta260106 0 ind  a978-623-266-795-2 a410 a410 TIM k0 aTim Edukatif1 aKombi Kompeten Berbahasa Indonesia Untuk SMA/ MA Kelas XII /cTim Edukatif a- aJakarta :bErlangga,c2024 a180 hlm :bIlust ;c25 x 17,5 cme- 4aBahasa a410 TIM k a5756/B-2025 a5757/B-2025 a5758/B-2025 a5759/B-2025